000 00782na a2200277 4500
001 23199
003 MIRAKIL
005 20181213155331.0
008 181022b tu 000 0
020 _a9753550634
040 _aMilas
_btur
_cTR-AnCHP
041 _atur
082 _a320.531
_bÖ92b 1993
090 _a320.531 Ö92b 1993
100 _aÖzdemir, Hikmet
245 _a1960'lar Türkiye'sinde Sol Kemalizm yön hareketi
_cHikmet Özdemir
260 _aİstanbul
_bİz Yayıncılık
_c1993
300 _a381 s.
_c19 sm.
440 _aİz Yayıncılık
_v73
490 _aÇağdaş Sorunlar Dizisi
_v1
504 _aKaynakça var.
650 _ayön hareketleri
650 _akemalizm
_xTürkiye
650 _aSiyasal ideolojiler
_xTürkiye
942 _2dcc
_cBKS
999 _c10723
_d10723